Encomiendas (Registro nro. 304257)

Detalles MARC
000 -ENCABEZADO
Número de control [NR] 00983cam a2200253 a 4500
005 - FECHA Y HORA DE LA ÚLTIMA TRANSACCIÓN
control field 20160826092515.0
008 - DE LONGITUD FIJA DE DATOS DE ELEMENTOS - INFORMACIÓN GENERAL
Elementos de longitud fija [NR] 160826s1993 ck frci 00110 spa d
020 ## - NUMERO INTERNACIONAL NORMALIZADO PARA LIBROS [R]
Número Internacional Normalizado del libro [NR] 9589298176
035 ## - NUMERO DE CONTROL DEL SISTEMA [R]
Número de control del sistema [NR] AFL4803 LA
040 ## - FUENTE DE CATALOGACION [NR]
Agencia de catalogación original [NR] CO-BoUCM
Idioma de catalogación [NR] spa
Quien Cataloga Saul Niño
Quien Clasifica Saul Niño
041 0# - CODIGO DE IDIOMA [R]
Código de idioma para texto/pista de sonido o título separado [R] Español
110 2# - ASIENTO PRINCIPAL--NOMBRE CORPORATIVO [NR]
Nombre corporativo o de jurisdicción como elemento de entrada [NR] Archivo General de La Nación
Lugar de la reunión [NR] (Colombia)
ID de autoridad 3870
245 10 - MENCION DE TITULO [NR]
Título [NR] Encomiendas
Parte restante del título [NR] catálogo e índices
Mención de responsabilidad, etc. [NR] Archivo General de la Nación.
260 ## - PUBLICACION, DISTRIBUCION, ETC. (PIE DE IMPRENTA) [R]
Lugar de publicación, distribución, etc. [R] Bogotá (Colombia)
Nombre del editor, distribuidor, etc. [R] Archivo General de la Nación (AGN)
Fecha de publicación, distribución, etc. [R] 1993
300 ## - DESCRIPCION FISICA [R]
Extensión [R] 206 páginas
440 0# - MENCION DE SERIE /ASIENTO SECUNDARIO-- TITULO [R]
Titulo [NR] Publicaciones del Archivo General de la Nación
9 (RLIN) 79191
500 ## - NOTA GENERAL [R]
Nota general [NR] Incluye índice
610 20 - ASIENTO SECUNDARIO DE MATERIA - NOMBRE CORPORATIVO [R]
Nombre corporativo o nombre de la jurisdicción como elemento de entrada [NR] Archivo General de La Nación
Lugar de la reunión [NR] Colombia
Subdivisión general [R] Fondo encomiendas
Subdivisión de forma [R] Catálogos
9 (RLIN) 79192
610 20 - ASIENTO SECUNDARIO DE MATERIA - NOMBRE CORPORATIVO [R]
Nombre corporativo o nombre de la jurisdicción como elemento de entrada [NR] Archivo General de La Nación
Lugar de la reunión [NR] Colombia
Subdivisión general [R] Fondo encomiendas
Subdivisión de forma [R] Índices
9 (RLIN) 79193
650 #7 - ASIENTO SECUNDARIO DE MATERIA - TERMINO TEMATICO [R]
9 (RLIN) 14181
Término temático o nombre geográfico como elemento de entrada [NR] Encomiendas
690 #0 - ASUNTO AGREGADO LOCAL DE ENTRADA - TÉRMINO TEMÁTICO (OCLC, RLIN)
Acceso temático local Bibliotecología
9 (RLIN) 10049
942 ## - ELEMENTOS DE ENTRADA AGREGADOS (KOHA)
Sistema de clasificación DEWEY
Tema principal Generalidades
Tipo de ítem principal el descrito en 300a Libro
Edición 1
Clasificación 025.3
Parte restante de la signatura top. A673ca
Existencias
Signatura topográfica Código de barras Última vez visto Ejemplar Costo de reposición Price effective from Tipo de ítem Nota pública (OPAC) Perdido Sistema de clasificación Dañado No prestable Tipo de ítem específico Suprimido Ubicación habitual Ubicación actual Localización Fecha de creación Proveedor Forma de adquisición Costo
025.3 A673ca 100150096 04/12/2025 Ej.1 26000.00 18/08/2016 Libro Spot de bibliotecología   DEWEY     Libro   Claustro Claustro Oficina CRAI 18/08/2016 12 Donación 0.00